Statistics for Name That Author

Click here to take the quiz!

General Stats

  • This quiz has been taken 452 times
  • The average score is 7 of 16

Answer Stats

HintAnswer% Correct
Adventures of Tom SawyerMark Twain
98%
OdysseyHomer
94%
Of Mice and MenJohn Steinbeck
90%
Call of the WildJack London
79%
On the RoadJack Kerouac
75%
The Diary of a Young GirlAnne Frank
68%
One Flew Over the Cuckoo's NestKen Kesey
56%
The StandStephen King
44%
Notes from UndergroundFyodor Dostoyevsky
24%
Their Eyes Were Watching GodZora Neale Hurston
21%
The Heart is a Lonely HunterCarson McCullers
19%
A Heartbreaking Work of Staggering GeniusDave Eggers
14%
Into the WildJon Krakauer
11%
Sex, Drugs, and Cocoa PuffsChuck Klosterman
6%
The Lone Ranger and Tonto Fistfight in HeavenSherman Alexie
5%
Betting on the MuseCharles Bukowski
4%

Score Distribution

Percentile by Number Answered

Percent of People with Each Score

Your Score History

You have not taken this quiz